00343nam a2200109 a 4500008004100000050001700041110005500058245005900113260003500172300001700207350000900224081113s2007 ||||||||||||||||| || u aUN-ESCWA(02) aUnited Nations Economic and Social Affairs (UNESA)10aModels for cyber legislation in ESCWA member countries aNew YorkbUNITED NATIONSc2007 av, 51p. :ill a0.00